Engineering Mechanics (Statics) V-I (Record no. 532763)
[ view plain ]
| 000 -LEADER | |
|---|---|
| fixed length control field | 00502 a2200193 4500 |
| 001 - CONTROL NUMBER | |
| control field | 90851 |
| 003 - CONTROL NUMBER IDENTIFIER | |
| control field | NUST |
| 005 - DATE AND TIME OF LATEST TRANSACTION | |
| control field | 20191202161018.0 |
| 008 - FIXED-LENGTH DATA ELEMENTS--GENERAL INFORMATION | |
| fixed length control field | 191202b ||||| |||| 00| 0 eng d |
| 038 ## - RECORD CONTENT LICENSOR | |
| Staff Name | MSOHAIL |
| 082 ## - DEWEY DECIMAL CLASSIFICATION NUMBER | |
| Classification number | 620.103 MER |
| 100 ## - MAIN ENTRY--PERSONAL NAME | |
| Personal name | Meriam, J.L; Kraige L.G. |
| 9 (RLIN) | 18451 |
| 245 ## - TITLE STATEMENT | |
| Title | Engineering Mechanics (Statics) V-I |
| Remainder of title | 7th ED ; SI Version |
| 250 ## - EDITION STATEMENT | |
| Edition statement | 7th Edition |
| 260 ## - PUBLICATION, DISTRIBUTION, ETC. | |
| Place of publication, distribution, etc. | Singapore |
| Date of publication, distribution, etc. | 2013 |
| 300 ## - PHYSICAL DESCRIPTION | |
| Extent | xvii,523 |
| 500 ## - GENERAL NOTE | |
| General note | Text Book |
| 942 ## - ADDED ENTRY ELEMENTS (KOHA) | |
| Institution code [OBSOLETE] | NUST |
| Koha item type | Book |
| Call number prefix | 620.103 MER |
| Source of classification or shelving scheme | |
| Withdrawn status | Lost status | Source of classification or shelving scheme | Damaged status | Not for loan | Permanent Location | Current Location | Date acquired | Total Checkouts | Total Renewals | Full call number | Barcode | Date last seen | Date last checked out | Price effective from | Koha item type |
|---|---|---|---|---|---|---|---|---|---|---|---|---|---|---|---|
| School of Civil and Environmental Engineering (SCEE) | School of Civil and Environmental Engineering (SCEE) | 12/02/2019 | 1 | 1 | 620.103 MER | NIT-12592 | 02/12/2024 | 10/09/2023 | 12/02/2019 | Book |
